ნორმალური ფორმატი
MARC ფორმატი
ჩანაწერი Personal Name
ჩანაწერთა რაოდენობა, რომელიც გამოყენებულია: 1
001 - CONTROL NUMBER
- control field: 8213
003 - CONTROL NUMBER IDENTIFIER
- control field: GE_BSU
005 - DATE AND TIME OF LATEST TRANSACTION
- control field: 20200527132526.0
008 - FIXED-LENGTH DATA ELEMENTS
- fixed length control field: 200527|| aca||aabn | a|a d
040 ## - CATALOGING SOURCE
- Original cataloging agency: GE_BSU
- Transcribing agency: GE_BSU
100 ## - HEADING--PERSONAL NAME
- Personal name: დგებუაძე, გიორგი
- Relator term: სამეცნიერო რედაქტორი
670 ## - SOURCE DATA FOUND
- Source citation: Work cat.: (GE_BSU)49359: ჯიშკარიანი, ბაჩანა. 4792, კაზუსები სისხლის სამართლის ზოგად ნაწილში=Fälle zum strafrecht allgemeiner teil /
